[Event "ch-RUS Rapid 2017"]
[Site "Sochi RUS"]
[Date "2017.09.30"]
[Round "1.1"]
[White "Sjugirov, Sanan"]
[Black "Oganyan, Arsen"]
[Result "1/2-1/2"]
[WhiteTitle "GM"]
[WhiteElo "2650"]
[BlackElo "2282"]
[WhiteFideId "4189302"]
[BlackFideId "4175492"]
[EventDate "2017.09.30"]

1. d4 Nf6 2. c4 e6 3. Nf3 b6 4. g3 Ba6 5. b3 Bb4+ 6. Bd2 Be7 7. Bg2 c6 8. Bc3 d5
9. Nbd2 O-O 10. Qc2 Nbd7 11. O-O Rc8 12. e4 c5 13. exd5 exd5 14. Rfe1 Re8 15.
Rad1 Bf8 16. Rxe8 Qxe8 17. cxd5 Nxd5 18. Ng5 N5f6 19. d5 h6 20. Nh3 Bd6 21. Nc4
Bxc4 22. bxc4 Qd8 23. Nf4 Qc7 24. Ne2 Re8 25. Bb2 a6 26. Nc3 Ne5 27. Qa4 Qc8 28.
h3 Qf5 29. Ne4 Rd8 30. Nxf6+ gxf6 31. Qb3 Bc7 32. f4 Ng6 33. Qc3 Rd6 34. Re1 Kg7
35. a4 h5 36. h4 Bd8 37. Kh2 Qd7 38. Bh3 Qxa4 39. Ra1 Qe8 40. Rxa6 Qe2+ 41. Bg2
Ne7 42. Ra8 Ng8 43. Kg1 b5 44. Bf1 Qd1 45. Qd3 Qg4 46. Be2 Qd7 47. cxb5 Rxd5 48.
Qf3 c4 49. Kg2 Nh6 50. Bc3 Ng4 51. Bxc4 1/2-1/2

[Event "ch-RUS Rapid 2017"]
[Site "Sochi RUS"]
[Date "2017.09.30"]
[Round "1.2"]
[White "Smelov, Aleksey"]
[Black "Inarkiev, Ernesto"]
[Result "0-1"]
[BlackTitle "GM"]
[WhiteElo "2184"]
[BlackElo "2694"]
[WhiteFideId "4163974"]
[BlackFideId "4162722"]
[EventDate "2017.09.30"]

1. d4 Nf6 2. Nf3 e6 3. Bf4 b6 4. h3 Bb7 5. e3 g6 6. a4 a6 7. Be2 Bg7 8. O-O O-O
9. Nbd2 d6 10. Re1 Qe7 11. Nc4 Nbd7 12. c3 Ne4 13. Nfd2 f5 14. Nxe4 Bxe4 15. Bf3
Nf6 16. Bg5 h6 17. Bxf6 Qxf6 18. Nd2 Bxf3 19. Qxf3 a5 20. Nc4 Qf7 21. Na3 e5 22.
Qc6 Rae8 23. Nb5 Re7 24. dxe5 Bxe5 25. Rad1 f4 26. Qf3 Qc4 27. exf4 Rxf4 28. Qd3
Qxd3 29. Rxd3 Rxa4 30. g3 Ra2 31. Re2 Kf7 32. Rde3 c6 33. Nd4 Rc7 34. Nf3 Bg7
35. Nh4 Bf6 36. Ng2 Re7 37. Rxe7+ Bxe7 38. Ne3 b5 39. Ng4 Bf8 40. f4 a4 41. Kf2
Bg7 42. Ne3 d5 43. Nd1 d4 44. cxd4 Bxd4+ 45. Kf3 c5 46. g4 b4 47. f5 gxf5 48.
gxf5 a3 0-1

[Event "ch-RUS Rapid 2017"]
[Site "Sochi RUS"]
[Date "2017.09.30"]
[Round "1.3"]
[White "Andreikin, Dmitry"]
[Black "Rudenko, Eugeny"]
[Result "1-0"]
[WhiteTitle "GM"]
[WhiteElo "2708"]
[BlackElo "2108"]
[WhiteFideId "4158814"]
[BlackFideId "14108356"]
[EventDate "2017.09.30"]

1. e4 c5 2. Nf3 d6 3. c3 Nf6 4. Bd3 Nc6 5. O-O Bg4 6. h3 Bh5 7. Re1 e6 8. Bb5
Qb6 9. Na3 a6 10. Bf1 Be7 11. d3 O-O 12. Nc4 Qc7 13. Ne3 d5 14. exd5 Nxd5 15. g4
Bg6 16. h4 Nxe3 17. Bxe3 h5 18. Ng5 hxg4 19. Qxg4 Ne5 20. Qg3 Bd6 21. Bxc5 Nc4
22. Bxd6 Nxd6 23. Nxe6 fxe6 24. Rxe6 Rad8 25. Rxg6 Qf7 26. Bh3 Nf5 27. Bxf5 Qxf5
28. Rxg7+ Kh8 29. Rg5 1-0

[Event "ch-RUS Rapid 2017"]
[Site "Sochi RUS"]
[Date "2017.09.30"]
[Round "1.4"]
[White "Sanin, Andrey"]
[Black "Fedoseev, Vladimir3"]
[Result "0-1"]
[BlackTitle "GM"]
[WhiteElo "2222"]
[BlackElo "2731"]
[WhiteFideId "14125390"]
[BlackFideId "24130737"]
[EventDate "2017.09.30"]

1. Nf3 g6 2. e4 Bg7 3. d4 d6 4. Be2 Nc6 5. O-O e5 6. Be3 Bd7 7. Nc3 Nf6 8. h3
exd4 9. Nxd4 O-O 10. Qd2 Re8 11. Nxc6 Bxc6 12. f3 d5 13. Bg5 d4 14. Nd1 Qd6 15.
Bf4 Qe7 16. Nf2 Nh5 17. Bh2 Qh4 18. Nd3 Ng3 19. Bxg3 Qxg3 20. Qf4 Be5 21. Qxg3
Bxg3 22. Nb4 Bd7 23. Rad1 Be6 24. Nd3 b6 25. f4 c5 26. b3 h5 27. Bf3 Rac8 28. f5
Bd7 29. fxg6 fxg6 30. Rd2 Kg7 31. Re2 c4 32. bxc4 Rxc4 33. e5 Ba4 34. Rc1 Rc3
35. e6 Bb5 36. Rb1 Bc4 37. e7 Rxc2 38. Rxc2 Bxd3 39. Rbc1 Bxc2 40. Rxc2 Rxe7 41.
Rc1 d3 0-1

[Event "ch-RUS Rapid 2017"]
[Site "Sochi RUS"]
[Date "2017.09.30"]
[Round "1.5"]
[White "Jakovenko, Dmitry"]
[Black "Shubin, Kirill"]
[Result "1-0"]
[WhiteTitle "GM"]
[BlackTitle "FM"]
[WhiteElo "2710"]
[BlackElo "2375"]
[WhiteFideId "4122356"]
[BlackFideId "34119962"]
[EventDate "2017.09.30"]

1. e4 e6 2. d4 d5 3. Nc3 Bb4 4. e5 c5 5. a3 Bxc3+ 6. bxc3 Ne7 7. a4 Qc7 8. Nf3
b6 9. Bb5+ Bd7 10. Bd3 Nbc6 11. O-O h6 12. Re1 g5 13. dxc5 bxc5 14. c4 Nb4 15.
Bf1 d4 16. Nd2 Bc6 17. Nb3 Bb7 18. a5 Rd8 19. Ba3 Na6 20. c3 dxc3 21. Qc1 Ng6
22. Qxc3 O-O 23. Qe3 Rc8 24. Rad1 Ne7 25. f3 Nf5 26. Qf2 Rfd8 27. Rxd8+ Qxd8 28.
Bxc5 Nxc5 29. Nxc5 Bc6 30. Ne4 Qxa5 31. Nd6 Rb8 32. Nxf5 exf5 33. e6 Re8 34. e7
Qa3 35. c5 Qc3 36. h4 a5 37. hxg5 hxg5 38. f4 Qf6 39. Qd2 gxf4 40. Qd6 Qxd6 41.
cxd6 Bd7 42. Rc1 1-0

[Event "ch-RUS Rapid 2017"]
[Site "Sochi RUS"]
[Date "2017.09.30"]
[Round "1.6"]
[White "Murtazin, Ruslan"]
[Black "Artemiev, Vladislav"]
[Result "0-1"]
[WhiteTitle "FM"]
[BlackTitle "GM"]
[WhiteElo "2364"]
[BlackElo "2692"]
[WhiteFideId "24175960"]
[BlackFideId "24101605"]
[EventDate "2017.09.30"]

1. e4 c5 2. Nf3 e6 3. d4 cxd4 4. Nxd4 a6 5. Bd3 Nf6 6. O-O Qc7 7. Qe2 d6 8. c4
g6 9. Nc3 Bg7 10. h3 O-O 11. Rd1 Nbd7 12. Nf3 b6 13. Bf4 Nh5 14. Bg5 Bb7 15.
Rac1 Rfe8 16. Bb1 Rac8 17. Qd2 Bf8 18. b3 Qb8 19. Bh6 Be7 20. Ne2 Ne5 21. Nfd4
Qa8 22. Qe3 Rc5 23. f4 Nd7 24. b4 Rc7 25. f5 exf5 26. exf5 Bh4 27. Ne6 fxe6 28.
fxg6 Ndf6 29. g3 Bh1 30. Qf2 Ne4 31. Bxe4 Qxe4 32. Rd4 Qf3 33. Rxh4 hxg6 34. Nd4
Qxf2+ 35. Kxf2 Rf7+ 36. Kg1 Bb7 37. Rg4 e5 38. Nc2 Nf6 39. Be3 Nxg4 40. hxg4 Rh7 0-1

[Event "ch-RUS Rapid 2017"]
[Site "Sochi RUS"]
[Date "2017.09.30"]
[Round "1.10"]
[White "Potapenko, D."]
[Black "Alekseev, Evgeny"]
[Result "0-1"]
[BlackTitle "GM"]
[WhiteElo "2189"]
[BlackElo "2622"]
[WhiteFideId "4132769"]
[BlackFideId "4138147"]
[EventDate "2017.09.30"]

1. d4 Nf6 2. Nf3 e6 3. g3 c5 4. e3 b6 5. Bg2 Bb7 6. O-O Be7 7. b3 cxd4 8. exd4
O-O 9. Bb2 Nc6 10. Nbd2 Rc8 11. c4 d5 12. Qe2 Re8 13. Rac1 Bf8 14. Rfd1 g6 15.
a3 a5 16. Bh3 Bg7 17. c5 Nd7 18. Qb5 Na7 19. Qd3 bxc5 20. Bc3 Qb6 21. Qe3 cxd4
22. Bxd4 Bxd4 23. Nxd4 Nc6 24. N2f3 Nxd4 25. Nxd4 Nf8 26. Qe5 Nd7 27. Qe3 Rcd8
28. Qh6 e5 29. Nf3 Nf8 30. Qg5 f6 31. Qh4 d4 32. Nd2 Kg7 33. g4 Ne6 34. Qg3 Nf4
35. Bf1 g5 36. h4 h6 37. f3 Bd5 38. Nc4 Qxb3 39. Rb1 Qxf3 40. Qxf3 Bxf3 41. Rdc1
Bxg4 42. Nb6 d3 43. Rc7+ Kg6 0-1

[Event "ch-RUS Rapid 2017"]
[Site "Sochi RUS"]
[Date "2017.09.30"]
[Round "1.11"]
[White "Savchenko, Boris"]
[Black "Tsvetkov, Andrey"]
[Result "1/2-1/2"]
[WhiteTitle "GM"]
[BlackTitle "CM"]
[WhiteElo "2581"]
[BlackElo "2219"]
[WhiteFideId "4147332"]
[BlackFideId "34139360"]
[EventDate "2017.09.30"]

1. e4 e6 2. d4 d5 3. Nc3 Bb4 4. a3 Bxc3+ 5. bxc3 dxe4 6. Qg4 Nf6 7. Qxg7 Rg8 8.
Qh6 Nbd7 9. Ne2 b6 10. Ng3 Bb7 11. Bg5 Qe7 12. Qh4 O-O-O 13. Nxe4 Bxe4 14. Qxe4
Nxe4 15. Bxe7 Rde8 16. Bh4 Nxc3 17. f3 Kb7 18. Kd2 Nd5 19. c4 Ne7 20. Re1 Nf5
21. Bf2 c5 22. d5 exd5 23. Rxe8 Rxe8 24. cxd5 Nf6 25. Bd3 Nd6 26. Bg3 c4 27.
Bxh7 Nxh7 28. Bxd6 Rd8 29. Bf4 Rxd5+ 30. Kc2 Kc6 31. Re1 Kd7 32. Be5 Nf8 33. Rd1
Ke6 34. Rxd5 Kxd5 35. Bc3 Ng6 36. Be1 Nf4 37. g4 Nd3 38. Bc3 Ne5 39. h4 Nxf3 40.
h5 Ng5 41. Bf6 Nh7 42. Bd8 Ke4 43. h6 Kf4 44. g5 Kf5 45. a4 f6 46. gxf6 Nxf6 47.
Kc3 Kg6 48. Kxc4 Nd7 49. Bg5 Kxg5 50. h7 Ne5+ 51. Kb5 Nf7 52. Ka6 Kg6 53. Kxa7
Kxh7 54. Kxb6 Nd6 1/2-1/2

[Event "ch-RUS Rapid 2017"]
[Site "Sochi RUS"]
[Date "2017.09.30"]
[Round "1.12"]
[White "Barsamian, Eduard"]
[Black "Motylev, Alexander"]
[Result "0-1"]
[BlackTitle "GM"]
[WhiteElo "2226"]
[BlackElo "2668"]
[WhiteFideId "24102016"]
[BlackFideId "4121830"]
[EventDate "2017.09.30"]

1. d4 d5 2. Nf3 Nf6 3. c4 dxc4 4. e3 Bg4 5. Bxc4 e6 6. O-O c5 7. Qa4+ Nbd7 8.
Ne5 a6 9. dxc5 Qc7 10. Nxd7 Qxd7 11. Nc3 Rc8 12. b4 Be7 13. f3 Bh5 14. Qxd7+
Nxd7 15. Bb2 Bf6 16. Rf2 Bg6 17. Rd1 Nxc5 18. bxc5 Rxc5 19. Ne4 Bxe4 20. fxe4
Rxc4 21. Rxf6 gxf6 22. Bxf6 O-O 23. Bd4 Rfc8 24. Rd3 Rc1+ 25. Kf2 R8c2+ 26. Kg3
Rg1 27. Bf6 Rgxg2+ 28. Kf4 Rgd2 29. Rb3 Rf2+ 30. Ke5 Rb2 31. Bh4 Rxh2 32. Bg3
Rxb3 0-1

[Event "ch-RUS Rapid 2017"]
[Site "Sochi RUS"]
[Date "2017.09.30"]
[Round "1.13"]
[White "Pridorozhni, Aleksei"]
[Black "Mesnyankin, Nikita"]
[Result "1/2-1/2"]
[WhiteTitle "GM"]
[WhiteElo "2565"]
[BlackElo "2183"]
[WhiteFideId "4127870"]
[BlackFideId "24175935"]
[EventDate "2017.09.30"]

1. e4 e5 2. f4 exf4 3. Bc4 Nf6 4. Nc3 d5 5. Bxd5 Nxd5 6. Nxd5 g5 7. h4 Be6 8.
hxg5 Bxd5 9. exd5 Qxg5 10. Qf3 Na6 11. c3 O-O-O 12. Rh5 Qg6 13. d4 Bd6 14. Ne2
Rhe8 15. Kf1 Re4 16. Rh6 Qxh6 17. Qxe4 Qh1+ 18. Ng1 Rg8 19. Qf5+ Kd8 20. Qh3
Qxh3 21. Nxh3 Rg4 22. Bd2 Nb8 23. Nf2 Rg5 24. c4 Nd7 25. Ne4 Rf5 26. Kf2 b5 27.
b3 Bf8 28. Kf3 Bg7 29. Bc3 h5 30. Rc1 bxc4 31. bxc4 Nb6 32. Bb2 a5 33. Rc2 a4
34. a3 Kd7 35. Nc5+ Kd8 36. Nd3 Rg5 37. Nxf4 h4 38. Ne2 Rf5+ 39. Nf4 Rg5 40. Bc1
Rg3+ 41. Ke4 Nc8 42. c5 Ne7 43. Be3 f5+ 44. Kd3 Bh6 45. Kc4 Rxe3 46. Ne6+ Kd7
47. Rb2 Nxd5 48. Kxd5 Rxe6 49. Rb8 c6+ 50. Kc4 Rg6 51. Rb7+ Kc8 52. Rh7 f4 53.
d5 cxd5+ 54. Kxd5 h3 55. gxh3 Bg7 56. Ke4 Kc7 57. Kxf4 Kc6 58. Kf5 Rg2 59. Rh4
Kb5 60. Rb4+ Kxc5 61. Rxa4 Bd4 62. Ra5+ Kc4 63. h4 Kb3 64. Rd5 Bc3 65. Rd3 Ra2
66. h5 Kc4 67. Rh3 Rxa3 68. h6 Ra5+ 69. Kg6 Ra6+ 70. Kf7 Ra7+ 71. Kg6 Ra6+ 72.
Kf7 1/2-1/2

[Event "ch-RUS Rapid 2017"]
[Site "Sochi RUS"]
[Date "2017.09.30"]
[Round "1.14"]
[White "Pervakov, Sergey"]
[Black "Potkin, Vladimir"]
[Result "0-1"]
[BlackTitle "GM"]
[WhiteElo "2137"]
[BlackElo "2574"]
[WhiteFideId "14111543"]
[BlackFideId "4131061"]
[EventDate "2017.09.30"]

1. e4 c5 2. a3 g6 3. b4 Bg7 4. Nc3 d6 5. g3 Nc6 6. Rb1 Nf6 7. Bg2 O-O 8. bxc5
dxc5 9. Nge2 Qd7 10. O-O b6 11. f4 Bb7 12. e5 Ne8 13. Bb2 Nc7 14. Ne4 Rad8 15.
Qe1 Ne6 16. Qf2 f6 17. exf6 exf6 18. f5 gxf5 19. Qxf5 Ned4 20. Nxd4 Nxd4 21.
Qxd7 Rxd7 22. Bxd4 Rxd4 23. d3 Bc8 24. Nc3 f5 25. Rbe1 Rfd8 26. Re7 R4d7 27.
Rxd7 Bxd7 28. Nd5 Re8 29. Nf4 Bd4+ 30. Kh1 b5 31. Bd5+ Kg7 32. Kg2 a5 33. Rb1 b4
34. axb4 cxb4 35. Bf3 Rc8 0-1

[Event "ch-RUS Rapid 2017"]
[Site "Sochi RUS"]
[Date "2017.09.30"]
[Round "1.15"]
[White "Rublevsky, Sergei"]
[Black "Dolgov, Alexey S"]
[Result "1-0"]
[WhiteTitle "GM"]
[WhiteElo "2683"]
[BlackElo "2118"]
[WhiteFideId "4115309"]
[BlackFideId "4168879"]
[EventDate "2017.09.30"]

1. e4 e5 2. Nf3 Nc6 3. d4 exd4 4. Nxd4 Qh4 5. Nc3 Bb4 6. Be2 Nge7 7. O-O Bxc3 8.
bxc3 O-O 9. Nb5 Qxe4 10. Nxc7 Rb8 11. Ba3 Qh4 12. Bf3 d6 13. Bxd6 Rd8 14. Bg3
Qf6 15. Qe2 Bf5 16. Rad1 Rbc8 17. Nb5 Rxd1 18. Rxd1 a6 19. Nd6 Rf8 20. Nxb7 Qxc3
21. Nd6 Bg6 22. Ne4 Qa3 23. Bd6 Qxa2 24. Nc3 Qxc2 25. Bxc6 Qxe2 26. Nxe2 Rd8 27.
Ba4 1-0

[Event "ch-RUS Rapid 2017"]
[Site "Sochi RUS"]
[Date "2017.09.30"]
[Round "1.16"]
[White "Kamrukov, Alexey"]
[Black "Grachev, Boris"]
[Result "0-1"]
[WhiteTitle "FM"]
[BlackTitle "GM"]
[WhiteElo "2296"]
[BlackElo "2654"]
[WhiteFideId "4169018"]
[BlackFideId "4129199"]
[EventDate "2017.09.30"]

1. d4 Nf6 2. c4 e6 3. Nf3 d5 4. Nc3 a6 5. e3 dxc4 6. Bxc4 b5 7. Be2 Bb7 8. O-O
Nbd7 9. a3 c5 10. dxc5 Bxc5 11. b4 Be7 12. Bb2 O-O 13. Qb3 Qb8 14. h3 Rc8 15.
Rfd1 Nb6 16. Rd4 Nfd5 17. e4 Nxc3 18. Bxc3 Na4 19. Be1 Bf6 20. e5 Bxf3 21. Qxf3
Bxe5 22. Rd7 Bxa1 23. Qxf7+ Kh8 0-1

[Event "ch-RUS Rapid 2017"]
[Site "Sochi RUS"]
[Date "2017.09.30"]
[Round "1.17"]
[White "Sakaev, Konstantin"]
[Black "Mumdgan, Suren"]
[Result "1-0"]
[WhiteTitle "GM"]
[WhiteElo "2594"]
[BlackElo "2168"]
[WhiteFideId "4104226"]
[BlackFideId "4196015"]
[EventDate "2017.09.30"]

1. d4 e6 2. c4 Nf6 3. Nc3 b6 4. e4 Bb4 5. f3 Bxc3+ 6. bxc3 d6 7. Bg5 h6 8. Bh4
Nbd7 9. Bd3 e5 10. Ne2 c5 11. O-O g5 12. Bf2 Nh5 13. g3 Nf8 14. Bc2 Bh3 15. Re1
Ng6 16. Kh1 Be6 17. Ba4+ Bd7 18. Bb5 a6 19. Bxd7+ Qxd7 20. Rb1 Qc7 21. Qb3 cxd4
22. cxd4 O-O 23. Rec1 g4 24. fxg4 Nf6 25. Qf3 Qe7 26. d5 Nd7 27. Bxb6 Nxb6 28.
Rxb6 Rfb8 29. Rb3 Qc7 30. Qe3 Qa5 31. Nc3 Rc8 32. Qe2 Rc7 33. Nd1 Rac8 34. Ne3
Ne7 35. Kg2 Qc5 36. Rd1 a5 37. a4 Qa7 38. Qd2 Kg7 39. Rb5 Rc5 40. Rf1 Qc7 41.
Qf2 Rf8 42. Qf6+ Kh7 43. Rxc5 Qxc5 44. Qxe7 Qxe3 45. Qxf8 Qe2+ 46. Rf2 Qxe4+ 47.
Kh3 1-0

[Event "ch-RUS Rapid 2017"]
[Site "Sochi RUS"]
[Date "2017.09.30"]
[Round "1.18"]
[White "Shemyakin, Valeriy"]
[Black "Zvjaginsev, Vadim"]
[Result "0-1"]
[BlackTitle "GM"]
[WhiteElo "2283"]
[BlackElo "2643"]
[WhiteFideId "14132818"]
[BlackFideId "4113403"]
[EventDate "2017.09.30"]

1. d4 Nf6 2. Bg5 c5 3. Bxf6 gxf6 4. d5 Qb6 5. Qc1 f5 6. c4 Qb4+ 7. Nc3 Qxc4 8.
e4 Qb4 9. a3 Qb6 10. exf5 Qf6 11. Bd3 d6 12. Ne4 Qd4 13. Qd2 Bg7 14. Rb1 c4 15.
Bc2 Qxd2+ 16. Kxd2 Bxf5 17. Nxd6+ exd6 18. Bxf5 Na6 19. Nf3 O-O 20. Rhe1 Rfe8
21. Kc2 Nc7 22. Rxe8+ Rxe8 23. Re1 Rxe1 24. Nxe1 Bd4 25. Nf3 Bxf2 26. Ng5 Nxd5
27. Bxh7+ Kg7 28. Be4 Ne3+ 29. Kd2 Ng4 30. h3 Be3+ 31. Ke2 Bxg5 32. hxg4 Bc1 33.
Bxb7 Bxb2 34. a4 Be5 35. Bd5 c3 36. Kd3 f6 37. Be4 Kh6 38. Bf5 Kg5 39. Be6 Kf4
40. Bf5 Kg3 41. Be6 Kxg2 42. Bf5 Kf2 43. Be4 Ke1 44. Kc2 Ke2 45. Bf5 Ke3 46. Be6
Kd4 47. Bf7 d5 48. Bg6 Kc4 49. Bd3+ Kb4 50. Bb5 d4 51. Bd3 Kxa4 52. Bc4 Kb4 53.
Be6 Kc5 54. Bf5 Bc7 55. Kb3 Kd5 56. Kc2 Ke5 57. Bh7 Kf4 58. Bf5 Ke3 59. Bd3 a5
60. Bb5 Be5 61. Ba6 a4 62. Bd3 a3 63. Bc4 d3+ 0-1

[Event "ch-RUS Rapid 2017"]
[Site "Sochi RUS"]
[Date "2017.09.30"]
[Round "1.19"]
[White "Bocharov, Dmitry"]
[Black "Basiev, Valeriy P."]
[Result "1-0"]
[WhiteTitle "GM"]
[WhiteElo "2585"]
[BlackElo "1990"]
[WhiteFideId "4138716"]
[BlackFideId "4160355"]
[EventDate "2017.09.30"]

1. c4 e5 2. g3 d6 3. Bg2 f5 4. Nc3 Nf6 5. e3 c6 6. Nge2 Be7 7. O-O O-O 8. b3 Be6
9. d4 Bf7 10. dxe5 dxe5 11. Qc2 g6 12. Bb2 Qc7 13. e4 f4 14. gxf4 exf4 15. e5
Nh5 16. Ne4 Nd7 17. Qc3 Be6 18. Rad1 Ng7 19. Rd6 Nxe5 20. Qxe5 Bxd6 21. Nxd6 f3
22. Bxf3 Rxf3 23. Nd4 Bg4 24. Nxf3 Bxf3 25. Re1 Rd8 26. c5 b6 27. Qf6 Bd5 28.
Re7 Bf3 29. Re1 Rf8 30. Re7 1-0

[Event "ch-RUS Rapid 2017"]
[Site "Sochi RUS"]
[Date "2017.09.30"]
[Round "1.20"]
[White "Shkurkin, Andrey"]
[Black "Timofeev, Artyom"]
[Result "0-1"]
[WhiteTitle "FM"]
[BlackTitle "GM"]
[WhiteElo "2191"]
[BlackElo "2549"]
[WhiteFideId "34179647"]
[BlackFideId "4140419"]
[EventDate "2017.09.30"]

1. d4 d5 2. c4 e6 3. Nf3 c6 4. Nbd2 Nf6 5. g3 Bd6 6. Bg2 O-O 7. O-O Nbd7 8. Qc2
Re8 9. b3 e5 10. cxd5 cxd5 11. dxe5 Nxe5 12. Bb2 Nc6 13. e3 Bg4 14. Rac1 Nb4 15.
Qb1 Bh5 16. Bd4 Bg6 17. Qa1 Bd3 18. Rfd1 Be2 19. Re1 Bxf3 20. Nxf3 Nd3 21. Nh4
Nxe1 22. Rxe1 Bf8 23. Nf5 Re6 24. Bh3 Rc6 25. Rd1 g6 26. Nh4 Ne4 27. Nf3 Ng5 28.
Bg2 Nxf3+ 29. Bxf3 Rac8 30. Kg2 Rc2 31. Bf6 Qa5 32. a4 Rd2 33. Rxd2 Qxd2 34. Bd1
Rc1 0-1

[Event "ch-RUS Rapid 2017"]
[Site "Sochi RUS"]
[Date "2017.09.30"]
[Round "1.21"]
[White "Kobalia, Mikhail"]
[Black "Dudin, Gleb"]
[Result "1-0"]
[WhiteTitle "GM"]
[WhiteElo "2596"]
[BlackElo "2102"]
[WhiteFideId "4119150"]
[BlackFideId "34184934"]
[EventDate "2017.09.30"]

1. e4 e6 2. d3 d5 3. Nd2 Nf6 4. Ngf3 Be7 5. g3 dxe4 6. dxe4 Nc6 7. Bg2 O-O 8.
O-O e5 9. c3 b6 10. Qa4 Bb7 11. Rd1 Qe8 12. Qc2 Rd8 13. Re1 Nd7 14. b4 f6 15.
Nc4 Qf7 16. Bf1 Rfe8 17. Nh4 Nf8 18. Nf5 a5 19. a3 axb4 20. axb4 Ra8 21. Bd2
Rxa1 22. Rxa1 Ra8 23. Rxa8 Bxa8 24. Nce3 Nd8 25. Bc4 Nde6 26. Nd5 Bd8 27. Qa2
Bc6 28. f3 Bd7 29. Kg2 c6 30. Nde3 b5 31. Bb3 Be8 32. Nd6 Qd7 33. Nxe8 Qxe8 34.
Qa7 Qf7 35. Qxf7+ Kxf7 36. f4 exf4 37. gxf4 Ke8 38. Kf3 Bc7 39. Nf5 g6 40. Nh6
Kd7 41. h4 Bd8 42. Be3 Ng7 43. f5 Bc7 44. Bd4 Be5 45. Bxe5 fxe5 46. Kg4 Kd6 47.
Nf7+ Kc7 48. Nxe5 gxf5+ 49. exf5 Kd6 50. f6 Ne8 51. Kf5 Kc7 52. f7 Nd6+ 53. Kf6
Kd8 54. Nxc6+ Kd7 55. Ne5+ Kd8 56. Bd5 Nc8 57. Kg7 1-0

[Event "ch-RUS Rapid 2017"]
[Site "Sochi RUS"]
[Date "2017.09.30"]
[Round "1.22"]
[White "Poliakov, Artem"]
[Black "Khismatullin, Denis"]
[Result "0-1"]
[BlackTitle "GM"]
[WhiteElo "2182"]
[BlackElo "2628"]
[WhiteFideId "24198536"]
[BlackFideId "4142578"]
[EventDate "2017.09.30"]

1. c4 e5 2. Nc3 Nc6 3. g3 Bc5 4. Bg2 d6 5. e3 a6 6. Nge2 Ba7 7. O-O h5 8. f4 h4
9. fxe5 dxe5 10. Qe1 Be6 11. Nd5 Nge7 12. Nec3 Qd7 13. Nxe7 Nxe7 14. Bxb7 Rb8
15. Bg2 Bxc4 16. Rf3 Be6 17. b3 Rd8 18. Qf1 hxg3 19. Rxg3 Nf5 20. Qxa6 Bb6 21.
Qb7 Kf8 22. Rg5 Qe7 23. Rxf5 Bxf5 24. Nd5 Qd6 25. a4 Bc8 26. Qxb6 cxb6 27. Ba3
Bb7 28. e4 Bxd5 29. Bxd6+ Rxd6 30. exd5 Rh4 31. Re1 f6 32. Be4 Rf4 33. d3 Kf7
34. Rc1 f5 35. Bg2 Rb4 36. Rc6 Rxc6 37. dxc6 Ke7 38. Bd5 Kd6 39. Bc4 Kxc6 40.
Kf2 Kc5 41. Ke3 g5 42. h3 Kc6 43. Kf3 Kd6 44. Ke2 e4 45. d4 f4 46. Kf2 Ke7 47.
Ke2 Kf6 48. Kf2 Kf5 49. Ke2 f3+ 50. Ke3 g4 51. hxg4+ Kxg4 52. Ba6 Rxb3+ 53. Kxe4
f2 54. d5 Rb4+ 55. Ke5 Rxa4 56. Be2+ Kg3 57. d6 Ra2 58. Bc4 Rd2 59. Ke6 Kg2 60.
d7 f1=Q 61. Bd5+ Rxd5 0-1

[Event "ch-RUS Rapid 2017"]
[Site "Sochi RUS"]
[Date "2017.09.30"]
[Round "1.23"]
[White "Rozum, Ivan"]
[Black "Nezamyatin, Ruslan"]
[Result "1-0"]
[WhiteTitle "GM"]
[WhiteElo "2590"]
[BlackElo "2155"]
[WhiteFideId "24104272"]
[BlackFideId "24153451"]
[EventDate "2017.09.30"]

1. d4 d5 2. Nf3 Nf6 3. g3 c5 4. c3 e6 5. Bg2 Nc6 6. O-O b6 7. Bg5 Be7 8. dxc5
bxc5 9. c4 O-O 10. Nc3 Rb8 11. b3 Ba6 12. cxd5 Nxd5 13. Bxe7 Ncxe7 14. Na4 Qa5
15. Ne5 Rfd8 16. Qe1 Qxe1 17. Rfxe1 Rbc8 18. Rac1 f6 19. Nc4 Bb5 20. Ncb2 Nb6
21. Nxc5 Rd2 22. Nbd3 Rxa2 23. Nxe6 Rxc1 24. Nxc1 Ra1 25. Nd4 Be8 26. Nd3 Ra3
27. Rc1 Bf7 28. Nc5 Ned5 29. e3 h6 30. h4 a5 31. Bf3 g6 32. Nb5 Ra2 33. Nd6 Nb4
34. h5 gxh5 35. Nf5 Bxb3 36. Nxb3 Kf7 37. Rc7+ Ke8 38. Nbd4 N6d5 39. Bxh5+ Kd8
40. Ne6# 1-0

[Event "ch-RUS Rapid 2017"]
[Site "Sochi RUS"]
[Date "2017.09.30"]
[Round "1.24"]
[White "Skatchkov, Valery"]
[Black "Rakhmanov, Aleksandr"]
[Result "0-1"]
[BlackTitle "GM"]
[WhiteElo "2284"]
[BlackElo "2669"]
[WhiteFideId "24195812"]
[BlackFideId "4173708"]
[EventDate "2017.09.30"]

1. d4 Nf6 2. c4 d6 3. Nf3 g6 4. g3 Bg7 5. Bg2 c6 6. O-O O-O 7. Nc3 Bf5 8. Nh4
Be6 9. b3 d5 10. cxd5 cxd5 11. Bb2 Nc6 12. Rc1 Rc8 13. Qd2 h6 14. Rfd1 g5 15.
Nf3 Bf5 16. Ne5 e6 17. Qe1 a6 18. e4 dxe4 19. Nxe4 Nxe4 20. Bxe4 Bxe4 21. Qxe4
Qa5 22. Nc4 Qxa2 23. Rd3 Nb4 24. Ra1 Qxa1+ 25. Bxa1 Nxd3 26. Qxb7 Rb8 27. Qe4
Rxb3 28. Kg2 Rc8 29. Nd6 Rd8 30. Nc4 a5 31. Nxa5 Ra3 32. Nc6 Re8 33. Qe3 0-1

[Event "ch-RUS Rapid 2017"]
[Site "Sochi RUS"]
[Date "2017.09.30"]
[Round "1.25"]
[White "Tsydypov, Zhamsaran"]
[Black "Avalyan, Artur"]
[Result "0-1"]
[WhiteTitle "IM"]
[WhiteElo "2529"]
[BlackElo "2277"]
[WhiteFideId "4108566"]
[BlackFideId "34164550"]
[EventDate "2017.09.30"]

1. e4 e6 2. Qe2 c5 3. b3 Nc6 4. Bb2 Nf6 5. e5 Nd5 6. g3 Nd4 7. Qe4 f5 8. exf6
Nxf6 9. Qd3 e5 10. Na3 d5 11. O-O-O Bf5 12. Qe3 Bd6 13. Bg2 O-O 14. c3 b5 15. d3
b4 16. Nb1 Rc8 17. c4 Qa5 18. Rd2 dxc4 19. bxc4 Rfe8 20. f3 Qxa2 21. Bxd4 cxd4
22. Rxa2 dxe3 23. Bh3 Bxd3 24. Bxc8 Rxc8 25. Rxa7 Rxc4+ 26. Kb2 Rc2+ 27. Kb3 Rc1 0-1

[Event "ch-RUS Rapid 2017"]
[Site "Sochi RUS"]
[Date "2017.09.30"]
[Round "1.26"]
[White "Chekletsov, Egor"]
[Black "Demidov, Mikhail"]
[Result "0-1"]
[BlackTitle "IM"]
[WhiteElo "1970"]
[BlackElo "2521"]
[WhiteFideId "24175315"]
[BlackFideId "4197143"]
[EventDate "2017.09.30"]

1. d4 e6 2. c4 Bb4+ 3. Bd2 Qe7 4. Nf3 Nf6 5. e3 O-O 6. a3 Bxd2+ 7. Nbxd2 d6 8.
Bd3 e5 9. dxe5 dxe5 10. Qc2 Re8 11. Ne4 Nbd7 12. O-O Nxe4 13. Bxe4 g6 14. Qe2 a5
15. Rfd1 Nc5 16. Bc2 a4 17. Nd2 Be6 18. Ne4 Nxe4 19. Bxe4 c6 20. Rac1 Qc5 21.
Rc3 Kg7 22. Bc2 Ra5 23. h3 Qb6 24. Rb1 Re7 25. b4 axb3 26. Rbxb3 Qa7 27. Qd1 Rd7
28. Qb1 b5 29. Bd3 Ra4 30. Rb4 Rxa3 31. Rxa3 Qxa3 32. Rb3 Qc5 33. Rc3 b4 34. Rc1
Qd6 35. Be4 c5 36. Bf3 Qd2 37. Rd1 Qc3 38. Rc1 Qa3 39. Qa1 Qxa1 40. Rxa1 Rd2 41.
Rc1 b3 42. Kf1 b2 43. Rb1 Bf5 44. e4 Rc2 0-1